Pozície marketingu v cestovnom ruchu v Slovenskej republike (so zameraním na kúpeľný cestovný ruch) dizertačná práca

Gespeichert in:
Bibliographische Detailangaben
1. Verfasser: Moravčíková, Zuzana
Körperschaft: Ekonomická univerzita v Bratislave. Obchodná fakulta
Weitere Verfasser: Sniščák, Vincent
Format: Buch
Sprache:Slowakisch
Veröffentlicht: Bratislava 2008
Schlagworte:
Tags: Tag hinzufügen
Keine Tags, Fügen Sie das erste Tag hinzu!

MARC

LEADER 00000nam$a2200000$$$4500
001 0100048
005 20240109070848.5
041 0 |a slo 
044 |a SK 
245 1 0 |a Pozície marketingu v cestovnom ruchu v Slovenskej republike (so zameraním na kúpeľný cestovný ruch)  |b dizertačná práca  |c Zuzana Moravčíková ; škol. Vincent Sniščák 
264 1 |a Bratislava  |c 2008 
300 |a 137 s. 
610 2 0 |a ruch cestovný 
610 2 0 |a marketing 
610 2 0 |a kúpele 
610 2 0 |a kúpeľníctvo 
610 2 0 |a Slovensko 
100 1 |a Moravčíková, Zuzana 
700 1 |a Sniščák, Vincent 
710 2 |a Ekonomická univerzita v Bratislave. Obchodná fakulta